| 000 | 00497cam a22001457a 4500 | ||
|---|---|---|---|
| 008 | 180718b1998 xxu||||| |||| 00| 0 eng d | ||
| 082 | _aAPPPA 97-98 PER/17 | ||
| 100 | _aPerumal, N.M. | ||
| 245 |
_aHospital waste management in Delhi: problems and prospects _cby N.M. Perumal |
||
| 260 |
_aNew Delhi _bIndian Institute of Public Administration _c1998 |
||
| 300 | _a125p. | ||
| 500 | _aAn APPPA M.Phil. dissertation, 1997-98 | ||
| 650 | _aAPPPA | ||
| 650 | _aHospitals - Materials management - Delhi | ||
| 999 |
_c485654 _d485654 |
||